000 00731cam a2200229 4500
001 000014871
005 20200929163920.0
008 700810s1970 onc 000 0 eng d
020 _a0802016758
040 _aDO-SdBNP
_cDLC
_dDLC
_dBNPHU
082 _aNNNN
_bG662s
100 1 _aGordon, Scott,
_d1924-
_933689
245 1 0 _aSocial science & modern man /
_cScott Gordon.
260 _aToronto :
_bUniversity of Toronto ;
_bCarleton University,
_c1970.
300 _a63 p. ;
_c22 cm.
490 0 _aAlan B. Plaunt memorial lectures
_v1969
650 0 _aSocial sciences.
_933690
650 0 _aSocial policy.
_933691
830 0 _aAlan B. Plaunt memorial lectures ;
_v1969
_933692
910 _aCatalogación derivada
049 _aBNGR
999 _c14451
_d14451